Score 0/107 Timer 15:00
6 Plays Today
% Correct
SORE
94.1%
DIET
93.4%
MEAT
92.5%
MAPS
90.8%
TIED
90%
TEAM
88.6%
SEAL
86.5%
LATE
84.9%
STAR
84.9%
MANE
84.2%
RATS
84.1%
ROSE
83.5%
TAME
83%
PEAS
82.8%
NAME
82.7%
MATE
81.3%
SALE
81%
PEAR
79.9%
MEAN
78.5%
PALS
78.5%
TEAL
78.1%
HEAT
78%
SWAT
77.6%
SURE
77%
TALE
75%
SALT
74.9%
SPAM
74.3%
LAPS
74.1%
PAMS
73.4%
PART
71.9%
TIDE
70.9%
POTS
70.6%
TARP
70.4%
RUSE
70.2%
LEAS
69.7%
APES
69.5%
% Correct
PASE
69.2%
HATE
69.2%
REAP
68.9%
TOPS
68.1%
PARE
67.2%
TARS
66%
RAPE
65.1%
SLIT
64.8%
TEAS
64.4%
EDIT
64.3%
WATS
63.8%
ORES
63.5%
ARTS
63.4%
SEAR
63.2%
SEAT
62.7%
SLAT
62.6%
RASE
62.4%
ALES
62.4%
LITS
62.2%
SATE
60.9%
SILT
60.6%
AMPS
60.5%
STOP
59%
TILS
58.2%
TRAP
57.3%
SPOT
56.7%
SLAP
55.8%
LASE
55.6%
DITE
55.5%
POST
54.3%
LAST
54.2%
TASE
54.2%
LATS
53.1%
AMEN
51.1%
EROS
50.4%
RAPT
50.3%
% Correct
LIST
48.3%
PRAT
48.2%
ALTS
45%
OPTS
44.7%
EARS
44.7%
ALPS
44.6%
ARES
44.6%
STAW
43.8%
META
43.8%
WAST
43.6%
USER
43.1%
EATS
39.9%
ROES
39%
EAST
37.5%
ATES
34.5%
SAMP
34.1%
RUES
27.8%
SUER
27.6%
THAE
26.5%
TWAS
25.4%
ERAS
24.9%
ARSE
22.5%
APSE
22.1%
EATH
21.9%
SPAE
19.4%
APER
17.8%
NEMA
17.3%
SETA
16.4%
SALP
15.5%
SERA
14.5%
TELA
13.4%
ETAS
13%
TSAR
10.6%
TAEL
6.7%
HAET
5.4%

You're not logged in!

Compare scores with friends on all Sporcle quizzes.
OR
Log In

Sporcle TV

Today on Sporcle TV


Watch our educational content, quiz creation guides, and fun videos on Sporcle TV.

Show Comments

Extras

Top Quizzes Today


Score Distribution

Paid Content

Your Account Isn't Verified!

In order to create a playlist on Sporcle, you need to verify the email address you used during registration. Go to your Sporcle Settings to finish the process.

Report this User

Report this user for behavior that violates our Community Guidelines.

Details: